[Event "Kharkov Caissa op"]
[Site "Kharkov"]
[Date "2000.03.02"]
[Round "9"]
[White "Leshchenok, Sergey"]
[Black "Gavrish, Leonid"]
[Result "1-0"]
[WhiteElo "2205"]
[BlackElo "2037"]
[PlyCount "85"]
[EventDate "2000.01.27"]
[EventType "swiss"]
[EventRounds "9"]
[EventCountry "UKR"]
[SourceTitle "EXT 2001"]
[Source "ChessBase"]
[SourceDate "2000.11.22"]
[SourceVersion "1"]
[SourceVersionDate "2000.11.22"]
[SourceQuality "1"]

1. e4 Nf6 2. Nc3 d5 3. exd5 Nxd5 4. Bc4 Nb6 5. Bb3 c5 6. d3 Nc6 7. Nf3 e6 8. Be3 Be7 9. 0-0 0-0 10. Ne4 Nd4 11. Re1 a5 12. Bxd4 cxd4 13. a4 Bf6 14. Qe2 Ra7 15. Nxf6+ Qxf6 16. Qe5 Rd8 17. Qc5 Ra6 18. Re4 Bd7 19. Rxd4 Rc8 20. Qe5 Bc6 21. Rf4 Qxe5 22. Nxe5 Be8 23. Re1 Nd7 24. Rc4 Raa8 25. Rxc8 Rxc8 26. Nxd7 Bxd7 27. f3 Kf8 28. Re5 b6 29. Kf2 h6 30. c3 Bc6 31. d4 Rd8 32. Ke3 Rd6 33. c4 f6 34. c5 Rxd4 35. Kxd4 fxe5+ 36. Kxe5 bxc5 37. Kd6 Be8 38. Kxc5 Ke7 39. Kb6 Kd6 40. Kxa5 g5 41. Kb6 Bc6 42. a5 g4 43. Bxe6 1-0

[Event "Minsk Zepter op"]
[Site "Minsk"]
[Date "1998.04.25"]
[Round "1"]
[White "Leshchenok, Sergey"]
[Black "Korneev, Oleg"]
[Result "0-1"]
[WhiteElo "2185"]
[BlackElo "2560"]
[PlyCount "78"]
[EventDate "1998.04.25"]
[EventType "swiss"]
[EventRounds "9"]
[EventCountry "BLR"]
[SourceTitle "CBM 064 Extra"]
[Source "ChessBase"]
[SourceDate "1998.07.07"]
[SourceVersion "1"]
[SourceVersionDate "1998.07.07"]
[SourceQuality "1"]

1. d4 d5 2. Nf3 Nf6 3. c4 e6 4. e3 Be7 5. Nc3 0-0 6. Be2 c5 7. cxd5 exd5 8. 0-0 Nc6 9. b3 Re8 10. Bb2 a6 11. Rc1 cxd4 12. Nxd4 Ne5 13. Nf3 Nc6 14. a3 Bd6 15. b4 Be6 16. Nd4 Bd7 17. Bf3 Nxd4 18. Qxd4 Be5 19. Qd2 Bg4 20. Qd1 Qd7 21. Bxg4 Nxg4 22. h3 Nf6 23. Na4 Bxb2 24. Nxb2 Rad8 25. Qd4 Re4 26. Qb6 d4 27. Rc7 Qe8 28. Qxb7 h6 29. exd4 Nd5 30. Rc5 Nf4 31. Re5 Rxe5 32. dxe5 Qxe5 33. Nc4 Qc3 34. Qe7 Qd3 35. Ne3 Rc8 36. Rd1 Qxa3 37. Nf5 Rc1 38. Qd7 Rxd1+ 39. Qxd1 Nd3 0-1